20 villes de fiction - Statistiques

Statistiques générales
  • Ce quiz a été pris 1 031 fois
    975 depuis la dernière actualisation
  • Le résultat moyen est 6 sur 20
Statistiques - réponses
Indice(s) Ville % Correct
Ville de Batman. Gotham City
89%
Ville de résidence de la famille Simpson. Springfield
81%
Ville sous-marine ou vit une éponge carrée dans un ananas. Bikini Bottom
53%
Ville où réside Aladdin et Jasmine. Agrabah
49%
Ville inspirée de Los Angeles, dans laquelle se déroule l'histoire de GTA V. Los Santos
46%
Ville du Colorado ou vivent Stan, Kyle, Eric et Kenny. South Park
46%
Capitale des Sept Couronnes, sur la côte est de Westeros. Port-Réal
35%
Cité fortifiée, capitale du Gondor. Minas Tirith
34%
Ville iconique aujourd'hui disparue de Fortnite Battle Royale. Tilted Towers
28%
Ville où réside, entre autres, Mickey, Minnie, et Dingo. Mickeyville
27%
Ville iconique de la saga Resident Evil. Raccoon City
24%
Capitale du royaume de Babar, peuplée d'animaux. Célesteville
15%
Capitale du Groland. Groville
14%
Ville où se Privet Drive et la maison des Dursley. Little Whinging
14%
Ville souterraine, dernier refuge de l'humanité, dans Matrix. Sion
14%
Ville où se déroule l'histoire de la série 'Les frères Scott'. Tree Hill
13%
Ville américaine ou le FBI enquêtera sur le meurtre de Laura Palmer. Twin Peaks
12%
Ville où Anakin Skywalker passa son enfance. Mos Espa
9%
Ville californienne ou se déroule les aventures de Veronica Mars. Neptune
5%
Ville dans laquelle Rango le caméléon deviendra shérif. Poussière
4%
Aucun quiz correspondant
Distribution des résultats
% des personnes avec chaque résultat
Percentile par nombre de réponses
Votre historique - résultats
Vous n’avez pas pris ce quiz depuis la dernière actualisation